| 000 | 00770nam a22002177a 4500 | ||
|---|---|---|---|
| 999 |
_c22458 _d22458 |
||
| 003 | AR-CdUCM | ||
| 008 | 190409b ||||| |||| 00| 0 spa d | ||
| 020 | _a9786124747991 | ||
| 040 |
_aMUNICIPALIDAD PROVINCIAL DEL CUSCO _cBIBLIOTECA MUNICIPAL DEL CUSCO |
||
| 082 |
_a985.0013/T448 _bT448 _2segunda |
||
| 100 |
_aThissen, Servais _948243 |
||
| 245 |
_aMariátegui : _bla aventura del hombre nuevo / _cServais Thissen |
||
| 260 |
_aLima : _bEditorial Horizonte, _c2017. |
||
| 300 |
_a618 páginas ; _bilustraciones, retratos ; _c25 cm. |
||
| 500 | _a"Biografía ilustrada con más de 500 fotografías de la época" | ||
| 650 |
_aMariátegui, José Carlos _99862 |
||
| 650 |
_aBiografías _9148 |
||
| 650 |
_aIntelectuales _93971 |
||
| 942 |
_2ddc _cLIBROS |
||
| 945 | _arac | ||